Cost Accounting: a Managerial Emphasis (Record no. 3641)

000 -LEADER
fixed length control field 00393nam a2200157Ia 4500
008 - FIXED-LENGTH DATA ELEMENTS--GENERAL INFORMATION
fixed length control field 190115s9999||||xx |||||||||||||| ||und||
020 ## - INTERNATIONAL STANDARD BOOK NUMBER
International Standard Book Number 9789352860197
082 ## - DEWEY DECIMAL CLASSIFICATION NUMBER
Classification number 657
Item number DAT/C
100 ## - MAIN ENTRY--PERSONAL NAME
Personal name Datar, Srikant M.
245 #0 - TITLE STATEMENT
Title Cost Accounting: a Managerial Emphasis
250 ## - EDITION STATEMENT
Edition statement 16th Edition
260 ## - PUBLICATION, DISTRIBUTION, ETC.
Place of publication, distribution, etc. Noida
Name of publisher, distributor, etc. Pearson
Date of publication, distribution, etc. 2019
300 ## - PHYSICAL DESCRIPTION
Extent 1320p.
700 ## - ADDED ENTRY--PERSONAL NAME
Personal name Rajan, Madhav V.
942 ## - ADDED ENTRY ELEMENTS (KOHA)
Koha item type Book
Holdings
Withdrawn status Lost status Damaged status Not for loan Collection code Permanent Location Current Location Date acquired Cost, normal purchase price Total Checkouts Barcode Date last seen Date last checked out Price effective from Koha item type
        School of Law (Noida) MUIT-NOIDA MUIT-NOIDA 2019-01-15 889.00 3 MLS02240 2024-12-20 2024-12-18 2019-01-15 Book

All Rights Reserved@MUIT

Powered by Koha